| 000 | 00764nam a22002177a 4500 | ||
|---|---|---|---|
| 001 | BD-DhSAU 3852 | ||
| 003 | BD-DhSAU | ||
| 005 | 20150210132209.0 | ||
| 008 | 150127b1977 ii a||||r|||| 000 0 ben d | ||
| 040 | _aBD-DhSAU | ||
| 082 |
_222 _a১৫০ _bজগম |
||
| 100 | _aসান্যাল, জগদীশ্বর. | ||
| 245 |
_aমনোবিদ্যা / _cজগদীশ্বর সান্যাল. |
||
| 250 | _a৩য় সংস্করণ | ||
| 260 |
_aকলিকাতা : _bশ্রীভূমি পাব. কো. , _c১৯৭৭. |
||
| 300 |
_a৭৯৬ পৃ. : _bচিত্র ; _c২১ সেমি। |
||
| 590 | _aerfat | ||
| 650 | _aHorticulture. | ||
| 650 | _aমনোবিদ্যা। | ||
| 650 | _aPsychology. | ||
| 942 |
_2ddc _cBOOK |
||
| 999 |
_c3852 _d3852 |
||